| 000 | 01328 a2200193 4500 | ||
|---|---|---|---|
| 003 | Nust | ||
| 005 | 20221206111734.0 | ||
| 010 | _a 74028054 | ||
| 020 | _a0879092599 | ||
| 040 | _cNust | ||
| 082 | 0 | 0 | _a621.3819,DER |
| 100 | 1 |
_aDeRossi, Claude J. _9104204 |
|
| 245 | 1 | 0 |
_aExploring the world of data processing / _cClaude J. DeRossi. |
| 260 |
_aReston, Va. : _bReston Pub. Co., _c[1975] |
||
| 300 |
_axv, 256 p. : _bill. ; _c24 cm. |
||
| 505 | _aA brief History of Data Processing (Page-1), What is a Computer (Page-9), The Business World (Page-17), EAM Equipment (Page-22), File Processing (Page-30), Converting from EAM Equipment to a Computer (Page-39), Computer Input/Out Devices (Page-43), Computer Output Microfilm (Page-55), Binary Bits (Page-59), Integers (Page-66), Floating Point (Page-73),Hexadecimal and Octal Codes (Page-82), Computer Memories (Page-92), Instructional Formats (Page-99), Machine Language Programming (Page-107), Assembly Language Programming (Page-113), A Survey of Fortran (Page-126), Cobol Concepts (Page-144), The Basic Language (Page-154), Flowcharting (Page-165), Batch Mode (Page-175), Remote Batch (Page-181), Conversational Timesharing (Page-188), Software (Page-205), Applications (Page-212), System Design (Page-228). | ||
| 650 | 0 | _aTelecommunication Engineering. | |
| 942 |
_2ddc _cBK |
||
| 999 |
_c179526 _d179526 |
||